000 00657nam a2200241 i 4500
001 C2-0323939
003 PPAK
005 20180728122409.0
008 970121s1984 my a|||| ||||| | may d
040 _aPPAK
_beng
_cPPAK
_erda
082 0 4 _a899.233
_223
090 0 0 _a899.233
_bAHM
_dG
090 0 0 _a899.233
_bAHM
_dK
100 0 _aAhmad Murad Nasaruddin,
_eauthor
245 1 0 _a13 Jun
264 1 _aKuala Lumpur :
_bDewan Bahasa dan Pustaka ,
_c1984
300 _a76 pages :
_billustrations ;
_c18 cm
336 _2rdacontent
_atext
337 _2rdamedia
_aunmediated
338 _2rdacarrier
_avolume
650 1 0 _aMalay fiction
942 _ddc
_cB
999 _c123941
_d123941